Železničný spodok: Namáhanie, diagnostika, navrhovanie a realizácia konštrukčných vrstiev telesa železničného spodku /

Salvato in:
Dettagli Bibliografici
Autore principale: Ižvolt, Libor (Autore)
Natura: Libro
Lingua:slovacco
Pubblicazione: Žilina: EDIS, 2008
Edizione:1. vyd.
Serie:Vedecké monografie
Soggetti:
Tags: Aggiungi Tag
Nessun Tag, puoi essere il primo ad aggiungerne!!

MARC

LEADER 00000nam a22000003a 4500
001 0093967
003 SK-STU
005 20220215123033.2
007 ta
008 220215s ----xo-----e------000-0-----d
020 |a 978-80-8070-802-3 
040 |a STU  |b slo 
041 0 |a slo  |h slo 
044 |a xo 
100 1 |a Ižvolt, Libor  |4 aut 
245 1 0 |a Železničný spodok:  |b Namáhanie, diagnostika, navrhovanie a realizácia konštrukčných vrstiev telesa železničného spodku /  |c aut. Libor Ižvolt ; Milan Moravčík 
250 |a 1. vyd. 
260 |a Žilina:  |b EDIS,  |c 2008 
300 |a 324 s. 
490 0 |a Vedecké monografie 
650 0 7 |a železničný spodok 
650 0 7 |a podvalové podložie 
700 1 |a Moravčík, Milan  |4 lso 
996 |b 284V037729  |c V* 53312/O-24472  |l VVT  |s A  |a 24  |w 0093967_0001 
996 |b 284V037730  |c V* 53313/O-24473  |l VVS  |s A  |a 24  |w 0093967_0002